000 00748cam a2200229 a 4500
001 000010262
005 20200929162218.0
008 711209s1969 sp 001 0 spa
040 _aDO-SdBNP
_bspa
_cLC
_dBNPHU
082 _a863.44
_bS474e
100 1 _aSender, Ramon Jose,
_d1901-1982.
_921383
245 1 0 _aEn la vida de Ignacio Morel :
_bnovela /
_cRamón J. Sender.
260 _aBarcelona :
_bPlaneta,
_c1969.
300 _a259 p. ;
_c19 cm.
490 1 _aAutores Españoles e Hispanoamericanos
586 _aPremio Editorial Planeta 1969.
650 4 _aNovela española
_91123
650 4 _aLiteratura española
_9632
830 0 _aAutores Españoles e Hispanoamericanos
_95042
910 _aCatalogación por copia / LC
049 _aBNGR
999 _c10021
_d10021